000
00301nam a2200109Ia 4500
008
200302s9999 xx 000 0 und d
100
_a
Cristina Paredes Benitez
245
_a
Interiors the Most Innovative Projects of the year Architecture
260
_b
Loft Publication
260
_c
2007
300
_a
255
999
_c
3381
_d
3381